[Event "Sardinia World Open A"]
[Site "Orosei ITA"]
[Date "2025.04.27"]
[Round "2.6"]
[White "Sokolovsky, Yahli"]
[Black "Urbani, Gabriel"]
[Result "1-0"]
[WhiteTitle "GM"]
[BlackTitle "FM"]
[WhiteElo "2546"]
[BlackElo "2277"]
[WhiteFideId "2820242"]
[BlackFideId "2830138"]
[EventDate "2025.04.27"]

1. e4 e5 2. Nf3 Nc6 3. Bb5 f5 4. d3 fxe4 5. dxe4 Nf6 6. O-O Bc5 7. Bxc6 bxc6 8.
Nxe5 O-O 9. Nc3 d6 10. Na4 Qe8 11. Nd3 Bb6 12. Nxb6 axb6 13. f3 Be6 14. b3 Qf7
15. Bb2 c5 16. Nf4 Bd7 17. Qe1 Nh5 18. Nd5 Be6 19. Qd2 Nf4 20. Nf6+ gxf6 21.
Qxf4 Qg6 22. Qd2 Bd7 23. a4 Bc6 24. a5 f5 25. Qc3 bxa5 26. Rae1 Rae8 27. exf5
Rxf5 28. Rxe8+ Bxe8 29. Qh8+ Kf7 30. Re1 Bc6 31. Qd8 1-0

[Event "Sardinia World Open A"]
[Site "Orosei ITA"]
[Date "2025.04.27"]
[Round "2.7"]
[White "Perossa, Nicolas"]
[Black "Moroni, Luca Jr"]
[Result "1-0"]
[WhiteTitle "FM"]
[BlackTitle "GM"]
[WhiteElo "2274"]
[BlackElo "2545"]
[WhiteFideId "2850520"]
[BlackFideId "865834"]
[EventDate "2025.04.27"]

1. e4 e5 2. Nf3 Nc6 3. Nc3 Nf6 4. h3 g6 5. Bc4 Bg7 6. d3 O-O 7. O-O d6 8. a4 h6
9. Re1 Nh5 10. Be3 Be6 11. Nd5 Kh7 12. d4 Na5 13. Bd3 f5 14. dxe5 dxe5 15. exf5
Bxd5 16. Nxe5 Nf6 17. fxg6+ Kh8 18. Qd2 Nc6 19. Bxh6 Ng8 20. Bxg7+ Kxg7 21. Ng4
Qd6 22. Qg5 Be6 23. Qh5 Rf4 24. Qh7+ Kf8 25. Nh6 Ne5 26. Nxg8 Qd4 27. g7+ Ke8
28. Bg6+ 1-0

[Event "Sardinia World Open A"]
[Site "Orosei ITA"]
[Date "2025.04.27"]
[Round "2.8"]
[White "Knaak, Rainer"]
[Black "Kienboeck, Benjamin"]
[Result "1-0"]
[WhiteTitle "GM"]
[BlackTitle "FM"]
[WhiteElo "2472"]
[BlackElo "2240"]
[WhiteFideId "4611250"]
[BlackFideId "1649353"]
[EventDate "2025.04.27"]

1. d4 Nf6 2. c4 e6 3. Nc3 Bb4 4. e3 b6 5. Ne2 c5 6. a3 Ba5 7. Rb1 Na6 8. Ng3 Bb7
9. f3 O-O 10. Bd3 d5 11. O-O Bxc3 12. bxc3 Rc8 13. Qe2 Nb8 14. Bd2 Ba6 15. cxd5
Bxd3 16. Qxd3 exd5 17. e4 dxe4 18. fxe4 cxd4 19. cxd4 Nc6 20. Nf5 Ne5 21. Qe2
Rc2 22. Qd1 Ra2 23. Bg5 Ned7 24. Qb3 Re2 25. Ng3 1-0

[Event "Sardinia World Open A"]
[Site "Orosei ITA"]
[Date "2025.04.27"]
[Round "2.9"]
[White "Hercegovac, Neven"]
[Black "Martinovici, Ilia"]
[Result "0-1"]
[WhiteTitle "FM"]
[BlackTitle "IM"]
[WhiteElo "2238"]
[BlackElo "2459"]
[WhiteFideId "2839135"]
[BlackFideId "13907034"]
[EventDate "2025.04.27"]

1. e4 a6 2. d4 b5 3. a4 Bb7 4. Nd2 b4 5. Bd3 e6 6. Nb3 Nf6 7. Qe2 d5 8. e5 Nfd7
9. f4 c5 10. dxc5 Nxc5 11. Nd4 Nxd3+ 12. cxd3 Nc6 13. Ngf3 Bc5 14. Be3 Qb6 15.
Qf2 O-O 16. O-O f6 17. Rac1 fxe5 18. a5 exd4 19. axb6 dxe3 20. Qe2 Bxb6 21. Kh1
d4 22. Ng5 Rae8 23. Qh5 h6 24. Ne4 Re7 25. Nd6 Ba8 26. f5 Bc7 27. Ne4 Ref7 28.
f6 Bd8 29. h3 gxf6 30. Qg4+ Kh8 31. Qxe6 Ne5 32. Rc8 e2 33. Rg1 Bxe4 34. dxe4 d3
35. Qxa6 Rd7 36. Rc5 Bb6 37. Qxb6 d2 38. Rc8 Rxc8 39. Qxf6+ Kg8 40. Qe6+ Kh7 41.
Qf5+ Kg8 42. Qe6+ Rf7 43. Qxc8+ Kh7 0-1

[Event "Sardinia World Open A"]
[Site "Orosei ITA"]
[Date "2025.04.27"]
[Round "2.10"]
[White "Admiraal, Miguoel"]
[Black "Maldonado Gonzales, Stefano"]
[Result "1/2-1/2"]
[WhiteTitle "IM"]
[WhiteElo "2454"]
[BlackElo "2228"]
[WhiteFideId "1019716"]
[BlackFideId "28540778"]
[EventDate "2025.04.27"]

1. d4 d5 2. Bf4 Nf6 3. e3 e6 4. Nf3 c5 5. Be2 Nc6 6. O-O Bd6 7. dxc5 Bxc5 8. c4
O-O 9. Nc3 dxc4 10. Bxc4 a6 11. Rc1 Bd7 12. Bd3 Be7 13. Bb1 Qa5 14. a3 Rfd8 15.
e4 Be8 16. Qc2 g6 17. Rfd1 Rxd1+ 18. Rxd1 Rd8 19. Rxd8 Qxd8 20. h3 Nd4 21. Nxd4
Qxd4 22. Be3 Qd8 23. f3 Qc7 24. Qf2 Nd7 25. Ne2 Qc4 26. Nd4 Qc7 27. Ba2 Nf6 28.
Qd2 Bd7 29. Bg5 Qc5 30. b4 Qc7 31. Ne2 Bb5 32. Nc3 Bc6 33. Qd4 Kg7 34. e5 Ne8
35. Bxe7 Qxe7 36. Kf2 Nc7 37. h4 Nb5 38. Nxb5 Bxb5 39. Ke3 Qc7 40. Qc5 Qxc5+ 41.
bxc5 Bc6 42. Kf4 h6 43. Bb1 Kf8 44. g4 Ke7 45. Ke3 Bd5 46. f4 Kd7 47. Bc2 Kc7
48. Bd1 Kd7 49. Kd4 Bc6 50. Be2 Bg2 51. Bd1 Bc6 52. Kc4 Bd5+ 53. Kb4 Kc7 54. Ba4
Bc6 55. Bb3 Bf3 56. g5 hxg5 57. fxg5 Bc6 58. Bd1 Be4 59. h5 gxh5 60. Bxh5 Bg6
61. Bf3 Bd3 62. a4 Bc2 63. a5 Bd3 64. Kc3 Bb5 65. Be4 Bc6 66. Bh7 Kd7 67. Kd4
Ke7 68. Ke3 Kf8 69. Kf4 Kg7 70. Bd3 Bd5 71. Ke3 Bc6 72. Kd4 Kg8 73. Ke3 Kg7 74.
Kf4 Bd5 75. Kg4 Bc6 76. Bc2 Bd5 77. Kf4 Bc6 1/2-1/2

[Event "Sardinia World Open A"]
[Site "Orosei ITA"]
[Date "2025.04.27"]
[Round "2.11"]
[White "Swara Lakshmi S Nair"]
[Black "Travadon, Loic"]
[Result "0-1"]
[WhiteTitle "WCM"]
[BlackTitle "IM"]
[WhiteElo "2216"]
[BlackElo "2451"]
[WhiteFideId "25629239"]
[BlackFideId "26092131"]
[EventDate "2025.04.27"]

1. e4 c5 2. Nf3 d6 3. d4 cxd4 4. Qxd4 Nc6 5. Qe3 g6 6. Be2 Bg7 7. c4 Bg4 8. O-O
Nf6 9. Nc3 O-O 10. Rb1 Qb6 11. Qd2 Rfc8 12. b3 Qd8 13. Bb2 a6 14. h3 Bxf3 15.
Bxf3 Nd7 16. Rfd1 b5 17. Be2 b4 18. Nd5 Bxb2 19. Rxb2 a5 20. Bg4 e6 21. Ne3 Nc5
22. Bf3 Ne5 23. Qe2 a4 24. Nc2 axb3 25. axb3 Qg5 26. Nxb4 Rab8 27. Nc2 Na4 28.
Rbb1 Nc3 29. Qe3 Qxe3 30. Nxe3 Nxb1 31. Rxb1 Nxc4 32. Nxc4 Rxc4 33. Rd1 Rxb3 34.
Rxd6 Rc1+ 35. Kh2 Rb2 36. Kg3 Rcc2 37. Kf4 Rxf2 38. Ke5 Kg7 39. Ra6 h5 40. Kf4
h4 41. Kg4 Rxg2+ 42. Bxg2 Rxg2+ 43. Kxh4 Kh6 0-1

[Event "Sardinia World Open A"]
[Site "Orosei ITA"]
[Date "2025.04.27"]
[Round "2.12"]
[White "Grot, Blazej"]
[Black "Panjwani, Raja"]
[Result "0-1"]
[WhiteTitle "CM"]
[BlackTitle "IM"]
[WhiteElo "2206"]
[BlackElo "2443"]
[WhiteFideId "21835845"]
[BlackFideId "2604493"]
[EventDate "2025.04.27"]

1. e4 c5 2. a4 g6 3. c3 d5 4. Bb5+ Nc6 5. d3 Bg7 6. Nf3 Nf6 7. e5 Nd7 8. d4 a6
9. Be2 cxd4 10. cxd4 Ndb8 11. h3 Bf5 12. Nc3 Nb4 13. O-O N8c6 14. Bf4 h6 15. Rc1
g5 16. Be3 f6 17. exf6 exf6 18. Ne1 O-O 19. f4 Qe7 20. Bf2 gxf4 21. Qd2 Qd6 22.
Bh4 Be4 23. Nd3 Nxd3 24. Bxd3 f5 25. Ne2 Nxd4 26. Nxd4 Bxd4+ 27. Bf2 Qe5 28. Bb1
Bxb2 29. Rc5 Rad8 30. Ba2 Qg7 0-1

[Event "Sardinia World Open A"]
[Site "Orosei ITA"]
[Date "2025.04.27"]
[Round "2.13"]
[White "Vagman, Roy"]
[Black "Sarabando, Rodrigo Andias"]
[Result "1-0"]
[WhiteTitle "FM"]
[WhiteElo "2437"]
[BlackElo "2211"]
[WhiteFideId "2828995"]
[BlackFideId "1950010"]
[EventDate "2025.04.27"]

1. e4 c5 2. Nf3 e6 3. d4 cxd4 4. Nxd4 Nf6 5. Nc3 d6 6. g4 h6 7. Rg1 Nc6 8. Be3
Bd7 9. Be2 Be7 10. Qd2 Nxd4 11. Qxd4 Bc6 12. O-O-O Qb6 13. Qc4 Qc7 14. h4 d5 15.
exd5 Nxd5 16. Nxd5 exd5 17. Qc3 Bf6 18. Bd4 Qf4+ 19. Kb1 Bxd4 20. Rxd4 Qxf2 21.
Rf1 Qxh4 22. g5 Qxg5 23. Rg4 Qe7 24. Rxg7 O-O-O 25. Rfxf7 Qd6 26. Rxb7 h5 27.
Ba6 1-0

[Event "Sardinia World Open A"]
[Site "Orosei ITA"]
[Date "2025.04.27"]
[Round "2.14"]
[White "Zakin, Ilay"]
[Black "Raja, Harshit"]
[Result "0-1"]
[WhiteTitle "FM"]
[BlackTitle "GM"]
[WhiteElo "2254"]
[BlackElo "2474"]
[WhiteFideId "2848279"]
[BlackFideId "5089000"]
[EventDate "2025.04.27"]

1. e4 c5 2. Nf3 d6 3. Bb5+ Nd7 4. O-O a6 5. Bd3 Ngf6 6. c3 e6 7. Re1 b5 8. a4
Bb7 9. Bc2 c4 10. d4 cxd3 11. Qxd3 Nc5 12. Qe2 bxa4 13. e5 dxe5 14. Nxe5 Qd5 15.
f4 Nb3 16. Rd1 Qb5 17. c4 Qb6+ 18. Kh1 Bc5 19. Bxb3 axb3 20. Nc3 Bc6 21. Nd5
Nxd5 22. cxd5 Bb5 23. Nc4 Rd8 24. Qe4 f5 25. Qd3 Qb7 26. Na5 Qxd5 27. Qxd5 Rxd5
28. Rxd5 exd5 29. Nxb3 Bf2 30. Bd2 d4 31. Rc1 O-O 32. Rc5 Ba4 33. Na5 Re8 34.
Nc4 Re2 35. Ne5 h6 36. Nf3 Be3 37. Re5 Rxd2 38. Nxd2 Bxd2 39. Kg1 Bxf4 40. Rxf5
d3 41. Rxf4 d2 0-1

[Event "Sardinia World Open A"]
[Site "Orosei ITA"]
[Date "2025.04.27"]
[Round "2.15"]
[White "Maisuradze, Nino"]
[Black "Fromm, Marius"]
[Result "0-1"]
[WhiteTitle "WGM"]
[BlackTitle "IM"]
[WhiteElo "2189"]
[BlackElo "2436"]
[WhiteFideId "13601717"]
[BlackFideId "12993190"]
[EventDate "2025.04.27"]

1. d4 Nf6 2. c4 e6 3. Nf3 d5 4. cxd5 exd5 5. Nc3 c6 6. Bf4 Bf5 7. e3 Bd6 8. Bxd6
Qxd6 9. Nh4 Be6 10. Bd3 O-O 11. O-O Nbd7 12. f4 Nb6 13. h3 Rfe8 14. b3 Bd7 15.
Re1 a5 16. Nf3 a4 17. Ne5 Qb4 18. Qc2 axb3 19. Qxb3 Qa5 20. Rab1 Bc8 21. Qc2 Na4
22. Nxa4 Qxa4 23. Qxa4 Rxa4 24. Rb2 Re7 25. Rc1 Ne8 26. Kf2 Ra3 27. Rd1 Nd6 28.
g4 f6 29. Nf3 Rxe3 30. Rb3 Rxb3 31. axb3 Re8 32. Ra1 Kf7 33. f5 Re7 34. Ra8 Ke8
35. Nd2 Kd8 36. Ra1 Kc7 37. b4 b6 38. Rc1 Bd7 39. b5 Re8 40. bxc6 Bxc6 41. h4
Kb7 42. Ra1 Bb5 43. Bxb5 Nxb5 44. Ra4 Nc3 45. Ra3 Ne4+ 46. Nxe4 Rxe4 47. Kf3 h5
48. gxh5 Rxh4 49. Ra1 Rxh5 50. Kg4 Rh2 51. Re1 Kc6 52. Re6+ Kb5 53. Rd6 Rd2 54.
Kf3 Rd3+ 55. Ke2 Rxd4 56. Rd7 Kc6 57. Rxg7 Rf4 0-1

[Event "Sardinia World Open A"]
[Site "Orosei ITA"]
[Date "2025.04.27"]
[Round "2.16"]
[White "Favaloro, Andrea"]
[Black "Kanyamarala, Trisha"]
[Result "1/2-1/2"]
[WhiteTitle "IM"]
[BlackTitle "WIM"]
[WhiteElo "2422"]
[BlackElo "2185"]
[WhiteFideId "885940"]
[BlackFideId "45004722"]
[EventDate "2025.04.27"]

1. Nf3 d5 2. g3 g6 3. Bg2 Bg7 4. d4 Nf6 5. c4 dxc4 6. Na3 Nc6 7. O-O O-O 8. Nxc4
Be6 9. b3 Bd5 10. Bb2 a5 11. Rc1 Ra7 12. a3 Bh6 13. e3 Qa8 14. Qc2 b6 15. Ncd2
Nd8 16. Ne1 Bxg2 17. Nxg2 Ne6 18. Qc6 Qc8 19. Nf3 Rd8 20. Ne5 Rd6 21. Qc4 c5 22.
b4 axb4 23. axb4 Qb7 24. dxc5 bxc5 25. bxc5 Qxb2 26. Nxf7 Kxf7 27. cxd6 exd6 28.
Rb1 Qe5 29. Qc8 Qe4 30. Qb8 Rd7 31. Rb4 Qc6 32. Rb6 Qd5 33. Rb5 Qe4 34. Rb4 Qd5
35. Rb5 Qe4 1/2-1/2

[Event "Sardinia World Open A"]
[Site "Orosei ITA"]
[Date "2025.04.27"]
[Round "2.17"]
[White "Balinski, Damian"]
[Black "Van der Lende, Ilias"]
[Result "1/2-1/2"]
[BlackTitle "IM"]
[WhiteElo "2183"]
[BlackElo "2410"]
[WhiteFideId "1120913"]
[BlackFideId "1019260"]
[EventDate "2025.04.27"]

1. c4 Nf6 2. g3 e6 3. Bg2 d5 4. Nf3 dxc4 5. Qc2 c6 6. Qxc4 b5 7. Qc2 Bb7 8. d4
Nbd7 9. a4 b4 10. Ne5 Nxe5 11. dxe5 Nd7 12. f4 Bc5 13. Nd2 O-O 14. Ne4 Qa5 15.
Bd2 Rfd8 16. Rc1 Be7 17. O-O Qb6+ 18. Kh1 a5 19. b3 Rac8 20. Be1 c5 21. Bf2 Bd5
22. Nd2 Qa6 23. e4 Bb7 24. Rfe1 Nb6 25. Bf1 Qa8 26. Kg1 Rc7 27. Nc4 Nxc4 28.
Bxc4 Rcd7 29. Re2 Ba6 30. Rce1 g6 31. Rc1 Qc6 32. h4 Rd3 33. Bxd3 Bxd3 34. Qd1
c4 35. Rd2 Qxe4 36. Rxc4 Bxc4 37. Rxd8+ Bxd8 38. Qxd8+ Kg7 39. bxc4 Qb1+ 40. Kg2
Qe4+ 41. Kh2 Qc2 42. Qf6+ Kg8 43. Qd8+ Kg7 44. Qf6+ 1/2-1/2

[Event "Sardinia World Open A"]
[Site "Orosei ITA"]
[Date "2025.04.27"]
[Round "2.18"]
[White "Yaniv, Yuval"]
[Black "Berikkyzy Alanna"]
[Result "1-0"]
[WhiteTitle "IM"]
[BlackTitle "WFM"]
[WhiteElo "2407"]
[BlackElo "2103"]
[WhiteFideId "2823900"]
[BlackFideId "13780719"]
[EventDate "2025.04.27"]

1. e4 c5 2. Nf3 Nc6 3. Bb5 d6 4. O-O Bd7 5. Re1 Nf6 6. c3 a6 7. Bf1 Bg4 8. d4
cxd4 9. cxd4 Bxf3 10. gxf3 e6 11. Nc3 d5 12. Bg5 Be7 13. Bxf6 Bxf6 14. exd5 Nxd4
15. Re4 Nf5 16. dxe6 O-O 17. exf7+ Kh8 18. Qd5 Nd6 19. Re3 Nxf7 20. Rd1 Qb6 21.
Qb3 Qxb3 22. axb3 b5 23. f4 Nh6 24. Bg2 Rab8 25. Bh3 a5 26. Rd5 Bxc3 27. bxc3 a4
28. bxa4 bxa4 29. Re4 Ra8 30. Rd2 a3 31. Ra2 Rfd8 32. c4 Nf7 33. c5 h5 34. Be6
Rd1+ 35. Kg2 Nd8 36. Bb3 Rc1 37. Re8+ Kh7 38. Rd2 Rxc5 39. Rexd8 Rxd8 40. Rxd8
h4 41. Rd3 Kg6 42. Ba2 Ra5 43. Kf3 Ra4 44. Kg4 Kh6 45. Rc3 g6 46. Rc4 Ra5 47.
Kxh4 Rb5 48. Ra4 Rb2 49. Rxa3 Rxf2 50. Kg3 Rd2 51. Bb1 Rb2 52. Be4 Rb6 53. Ra5
Re6 54. Kf3 1-0

[Event "Sardinia World Open A"]
[Site "Orosei ITA"]
[Date "2025.04.27"]
[Round "2.19"]
[White "Akshat Sureka"]
[Black "Fataliyeva, Ulviyya"]
[Result "0-1"]
[BlackTitle "IM"]
[WhiteElo "2009"]
[BlackElo "2387"]
[WhiteFideId "25774492"]
[BlackFideId "13403052"]
[EventDate "2025.04.27"]

1. d4 Nf6 2. Bf4 d5 3. e3 e6 4. Nf3 c5 5. c3 Be7 6. h3 Bd6 7. Ne5 O-O 8. Nd2 Qc7
9. Bg3 c4 10. a4 Nc6 11. f4 Rb8 12. b3 cxb3 13. Qxb3 Na5 14. Qc2 Ne4 15. Nxe4
dxe4 16. Be2 f6 17. Ng4 Bd7 18. O-O Rfc8 19. Rfc1 Nc4 20. Bh4 f5 21. Bxc4 Qxc4
22. Ne5 Bxe5 23. fxe5 Rc6 24. a5 Rbc8 25. Rab1 R6c7 26. Bf2 Qa6 27. Qb3 Qxa5 28.
c4 Qa4 29. Qxa4 Bxa4 30. Rb4 Be8 31. Ra1 b6 32. Be1 h6 33. c5 bxc5 34. dxc5 Rxc5
35. Rxa7 Bc6 36. Kh2 Rc1 37. Bd2 Rc2 38. Rd4 Bd5 39. Ra3 Rb2 40. Rc3 Rxc3 41.
Bxc3 Re2 42. Bd2 f4 43. Kg1 fxe3 44. Bb4 Rb2 45. g3 e2 46. Be1 e3 47. Rb4 Rd2 0-1

[Event "Sardinia World Open A"]
[Site "Orosei ITA"]
[Date "2025.04.27"]
[Round "2.20"]
[White "Kanyamarala, Tarun"]
[Black "Wecker, Martin"]
[Result "0-1"]
[WhiteTitle "IM"]
[WhiteElo "2386"]
[BlackElo "2035"]
[WhiteFideId "45004714"]
[BlackFideId "12931462"]
[EventDate "2025.04.27"]

1. d4 Nf6 2. Nf3 e6 3. Bg5 c5 4. e3 b6 5. Bd3 Ba6 6. c4 cxd4 7. exd4 Be7 8. Nc3
O-O 9. O-O d5 10. cxd5 Bxd3 11. Qxd3 Nxd5 12. Nxd5 exd5 13. Bxe7 Qxe7 14. Rfe1
Qd6 15. Ng5 Qg6 16. Qxg6 hxg6 17. Rac1 Na6 18. Re7 f6 19. Nf3 Rfe8 20. Rd7 Red8
21. Rb7 Rdb8 22. Rxb8+ Rxb8 23. Nh4 Kf7 24. b4 Rb7 25. b5 Nc7 26. a4 Ne6 27. Nf3
g5 28. h3 Rc7 29. Rxc7+ Nxc7 30. Ne1 a6 31. a5 Nxb5 32. axb6 Nxd4 33. Nd3 Nc6
34. Nc5 Nb8 35. Kf1 Ke7 36. Ke2 Kd6 37. Nb7+ Kc6 38. Nd8+ Kxb6 39. Ne6 g6 40.
Nf8 Kc6 41. Nxg6 Kd6 42. f4 Nc6 43. g3 Ne7 44. Nf8 gxf4 45. gxf4 Nf5 46. Kf3 Ke7
47. Kg4 Ne3+ 48. Kf3 Nf5 49. Kg4 Nh6+ 50. Kh5 Kxf8 0-1

[Event "Sardinia World Open A"]
[Site "Orosei ITA"]
[Date "2025.04.27"]
[Round "2.21"]
[White "Di Stasio, Giuseppe Danilo"]
[Black "Ibrayev, Nurlan"]
[Result "0-1"]
[BlackTitle "GM"]
[WhiteElo "1963"]
[BlackElo "2367"]
[WhiteFideId "849928"]
[BlackFideId "13700650"]
[EventDate "2025.04.27"]

1. d4 Nf6 2. c4 e6 3. g3 c5 4. d5 exd5 5. cxd5 d6 6. Nc3 g6 7. Bg2 Bg7 8. Nf3
O-O 9. O-O Re8 10. Re1 h6 11. h3 a6 12. a4 Nbd7 13. e4 c4 14. Bf1 Qc7 15. Qe2
Nc5 16. Qxc4 Bd7 17. Bf4 Nh5 18. Bd2 Rac8 19. Rac1 Qb6 20. Qa2 Nb3 21. Be3 Nxc1
22. Rxc1 Qb4 23. Bg2 Nf6 24. Nd2 Bxa4 25. Re1 Bc2 26. f3 Nd7 27. Ndb1 Ne5 28.
Re2 Bd3 29. Rd2 Bxb1 30. Qxb1 Rxc3 0-1

[Event "Sardinia World Open A"]
[Site "Orosei ITA"]
[Date "2025.04.27"]
[Round "2.22"]
[White "Kiolbasa, Oliwia"]
[Black "Duraccio, Walter Mattia"]
[Result "1-0"]
[WhiteTitle "IM"]
[WhiteElo "2361"]
[BlackElo "2020"]
[WhiteFideId "1154613"]
[BlackFideId "2865713"]
[EventDate "2025.04.27"]

1. e4 c6 2. d4 d5 3. f3 dxe4 4. fxe4 e5 5. Nf3 exd4 6. Bc4 Be7 7. O-O Be6 8.
Bxe6 fxe6 9. Nxd4 Qa5 10. Nxe6 Qe5 11. Qh5+ Qxh5 12. Nxg7+ Kd8 13. Nxh5 Nd7 14.
Be3 Ngf6 15. Bd4 Rf8 16. Ng7 1-0

[Event "Sardinia World Open A"]
[Site "Orosei ITA"]
[Date "2025.04.27"]
[Round "2.23"]
[White "Narayanan, S.L."]
[Black "Pranava Ravikumar"]
[Result "1-0"]
[WhiteTitle "GM"]
[WhiteElo "2601"]
[BlackElo "2016"]
[WhiteFideId "5058422"]
[BlackFideId "25674196"]
[EventDate "2025.04.27"]

1. d4 f5 2. Bg5 h6 3. Bh4 g5 4. e3 Bg7 5. Bg3 c5 6. c3 Qb6 7. Nd2 cxd4 8. cxd4
d5 9. Bd3 Nc6 10. Ngf3 Nf6 11. O-O Ne4 12. Nb3 Nxg3 13. hxg3 O-O 14. Rc1 e5 15.
dxe5 Nxe5 16. Be2 Nxf3+ 17. Bxf3 Bxb2 18. Rb1 Bg7 19. Bxd5+ Kh7 20. Qc2 Rb8 21.
Rfd1 Qg6 22. Nd4 Qd6 23. Bf3 Qf6 24. g4 Kh8 25. gxf5 b6 26. g4 Bb7 27. Bxb7 Rxb7
28. Ne6 Re8 29. Rd6 Bf8 30. Qc6 Bxd6 31. Qxe8+ Kh7 32. Qc6 Qe7 33. Rd1 Be5 34.
f6 Bxf6 35. Qe4+ Kg8 36. Qg6+ 1-0

[Event "Sardinia World Open A"]
[Site "Orosei ITA"]
[Date "2025.04.27"]
[Round "2.24"]
[White "Tona, Leonardo"]
[Black "Samunenkov, Ihor"]
[Result "0-1"]
[BlackTitle "GM"]
[WhiteElo "2030"]
[BlackElo "2572"]
[WhiteFideId "28583213"]
[BlackFideId "14187086"]
[EventDate "2025.04.27"]

1. e4 c5 2. Nf3 Nc6 3. d4 cxd4 4. Nxd4 g6 5. c4 Nf6 6. Nc3 d6 7. Be2 Nxd4 8.
Qxd4 Bg7 9. O-O O-O 10. Qd3 Bd7 11. Be3 a6 12. f3 Rb8 13. a4 b6 14. b4 a5 15. b5
Be6 16. Rac1 Nd7 17. f4 Nc5 18. Bxc5 dxc5 19. Nd5 Bd4+ 20. Kh1 f6 21. Bf3 Qd6
22. f5 Bf7 23. Rce1 Kg7 24. g3 Rbd8 25. Bg2 g5 26. Re2 h5 27. Ree1 Rh8 28. h3
Be5 29. Re3 e6 30. fxe6 Bxe6 31. Qb3 Rdf8 32. Rd3 Bd4 33. Ne3 g4 34. h4 Qe5 35.
Nf5+ Kf7 36. Kh2 Rd8 37. Qc2 Rd7 38. Rd2 Rhd8 39. Qc1 Bg1+ 40. Kxg1 Rxd2 0-1

[Event "Sardinia World Open A"]
[Site "Orosei ITA"]
[Date "2025.04.27"]
[Round "2.25"]
[White "Lodici, Lorenzo"]
[Black "Panjer, Sidney"]
[Result "1-0"]
[WhiteTitle "GM"]
[WhiteElo "2570"]
[BlackElo "2172"]
[WhiteFideId "884189"]
[BlackFideId "16207041"]
[EventDate "2025.04.27"]

1. b3 d5 2. Bb2 Nf6 3. e3 e6 4. c4 Be7 5. g4 O-O 6. h4 c5 7. g5 Ne8 8. Nf3 Nc6
9. a3 f5 10. cxd5 exd5 11. Nc3 Be6 12. Ne2 d4 13. Nf4 Bf7 14. Rg1 g6 15. h5 Bd6
16. hxg6 hxg6 17. Nxg6 Bxg6 18. Bc4+ Bf7 19. Qc2 Qe7 20. g6 Bxc4 21. Qxc4+ Kg7
22. O-O-O Nf6 23. exd4 cxd4 24. Rde1 Ne5 25. Nxd4 Nxc4 26. Rxe7+ Bxe7 27. Nxf5+
Kg8 28. Nxe7+ Kg7 29. bxc4 Kh6 30. g7 1-0

[Event "Sardinia World Open A"]
[Site "Orosei ITA"]
[Date "2025.04.27"]
[Round "2.26"]
[White "Stocek, Jiri"]
[Black "Rosh, Jain"]
[Result "1-0"]
[WhiteTitle "GM"]
[BlackTitle "FM"]
[WhiteElo "2492"]
[BlackElo "2150"]
[WhiteFideId "304760"]
[BlackFideId "25789465"]
[EventDate "2025.04.27"]

1. d4 Nf6 2. c4 e6 3. Nf3 d5 4. Bg5 Nbd7 5. e3 Be7 6. Nbd2 h6 7. Bh4 c5 8. Rc1
O-O 9. a3 b6 10. cxd5 exd5 11. Bb5 Bb7 12. dxc5 bxc5 13. O-O Rc8 14. Qe2 g5 15.
Bg3 Qb6 16. Rfd1 Rfd8 17. b3 Qe6 18. h3 a6 19. Bd3 Ne4 20. Nf1 f5 21. b4 Bf6 22.
bxc5 Ndxc5 23. Qc2 Bc6 24. Bxe4 Nxe4 25. Qb3 Bb5 26. Bc7 Rd7 27. Ba5 Bc4 28. Qc2
Rb7 29. Nd4 Bxd4 30. Rxd4 Rcb8 31. Nd2 Rb2 32. Qd1 Nxd2 33. Rxd2 Qe4 34. Rd4 Qe7
35. Bc3 Ra2 36. Rxd5 Bxd5 37. Qxd5+ Qf7 38. Qe5 Qf8 39. Qh8+ Kf7 40. Qf6+ 1-0

[Event "Sardinia World Open A"]
[Site "Orosei ITA"]
[Date "2025.04.27"]
[Round "2.27"]
[White "Adharsh K"]
[Black "Hentrich, Johannes"]
[Result "1-0"]
[WhiteTitle "FM"]
[WhiteElo "2317"]
[BlackElo "2134"]
[WhiteFideId "25718207"]
[BlackFideId "24614661"]
[EventDate "2025.04.27"]

1. e4 c5 2. Nf3 d6 3. d4 cxd4 4. Nxd4 Nf6 5. Nc3 a6 6. Be3 e5 7. Nb3 Be6 8. f3
h5 9. Qd2 Nbd7 10. Nd5 Bxd5 11. exd5 g6 12. O-O-O Qc7 13. Kb1 Rc8 14. c4 b6 15.
Be2 Bg7 16. g4 Nc5 17. Qc2 a5 18. h3 Nxb3 19. Qxb3 Nd7 20. gxh5 Rxh5 21. f4 Rh4
22. fxe5 Bxe5 23. Bg5 Rh7 24. h4 Nf6 25. Bxf6 Bxf6 26. Bg4 Rb8 27. h5 gxh5 28.
Bxh5 Qe7 29. Rde1 Be5 30. Qd3 Rg7 31. Rhg1 Rxg1 32. Rxg1 Kd8 33. a3 Kc7 34. Rg2
Qf6 35. Ka2 Rh8 36. Qe2 Rf8 37. Qc2 Qh4 38. Bg4 Rg8 39. Qf5 Qe7 40. Bh3 Rf8 41.
Rf2 Kb7 42. Qc2 Qc7 43. Qa4 Rd8 44. Qb5 f6 45. Rg2 Ka7 46. Qc6 Qb7 47. Kb3 f5
48. Bxf5 Qf7 49. Ka4 Qb7 50. Be6 Rf8 51. b3 Rd8 52. Rf2 Qxc6+ 53. dxc6 d5 54.
Rf7+ Ka6 55. c7 dxc4 56. c8=Q+ 1-0

[Event "Sardinia World Open A"]
[Site "Orosei ITA"]
[Date "2025.04.27"]
[Round "2.28"]
[White "Beliman, Alexandro"]
[Black "Dalaud, Dorian"]
[Result "1/2-1/2"]
[BlackTitle "FM"]
[WhiteElo "2152"]
[BlackElo "2303"]
[WhiteFideId "28512413"]
[BlackFideId "36093270"]
[EventDate "2025.04.27"]

1. e4 c5 2. Nf3 Nc6 3. d4 cxd4 4. Nxd4 e5 5. Ne2 Bc5 6. Ng3 Qb6 7. Qd2 Nf6 8.
Nc3 O-O 9. Na4 Qb4 10. Nxc5 Qxc5 11. Bd3 Nb4 12. O-O d5 13. c3 Nxd3 14. Qxd3 Bd7
15. Rd1 Bc6 16. Be3 Qa5 17. exd5 Nxd5 18. c4 Nf4 19. Bxf4 exf4 20. Nf5 Rfe8 21.
Nd4 Be4 22. Qd2 Qc7 23. Nb5 Qe5 24. f3 Bc6 25. Re1 Qg5 26. Nd4 Red8 27. Qf2 Be8
28. Rad1 h5 29. b3 h4 30. h3 Rd6 31. Nc2 Rg6 32. Rd5 Qf6 33. Nd4 Rg5 34. Rxg5
Qxg5 35. Re4 Bd7 36. Kh1 Qf6 37. Ne2 g5 38. Qd4 Qxd4 39. Nxd4 Rd8 40. Kg1 Bc8
41. Nb5 Rd1+ 42. Kf2 Bf5 43. Re1 Rd2+ 44. Re2 Rd1 45. Re1 Rd2+ 46. Re2 Rd1 1/2-1/2